Nesting In Nature : Sanjay Patil (Record no. 18710)

MARC details
000 -LEADER
fixed length control field 00356nam a2200133Ia 4500
008 - FIXED-LENGTH DATA ELEMENTS--GENERAL INFORMATION
fixed length control field 220803s9999 xx 000 0 und d
041 ## - LANGUAGE CODE
Language code of text/sound track or separate title eng
082 ## - DEWEY DECIMAL CLASSIFICATION NUMBER
Classification number 712 GAD
100 ## - MAIN ENTRY--PERSONAL NAME
Personal name Patil Sanjay
9 (RLIN) 29863
245 ## - TITLE STATEMENT
Title Nesting In Nature : Sanjay Patil
260 ## - PUBLICATION, DISTRIBUTION, ETC. (IMPRINT)
Name of publisher, distributor, etc. "BNCA Publication Cell, Pune"
Date of publication, distribution, etc. 2016
300 ## - PHYSICAL DESCRIPTION
Extent 280p
650 ## - SUBJECT ADDED ENTRY--TOPICAL TERM
Topical term or geographic name as entry element Landscape Architecture
9 (RLIN) 29864
Holdings
Withdrawn status Lost status Damaged status Not for loan Home library Current library Date acquired Vendor Total Checkouts Total Renewals Full call number Barcode Date last seen Date last checked out Bill Date Koha item type Original Barcode
        Dr. Bhanuben Nanavati College of Architecture Dr. Bhanuben Nanavati College of Architecture 22/07/2016 BNCA 2 1 712 GAD BNCA-DB-1415 14/08/2024 09/08/2024 03/08/2022 Donated Book DB001415